| 000 | 00485nam a2200181Ia 4500 | ||
|---|---|---|---|
| 001 | 25131 | ||
| 005 | 20260414151129.0 | ||
| 008 | 260414t2019||||xx |||||||||||||| ||spa|| | ||
| 041 | _aESP | ||
| 082 |
_a346.21 _bA32 |
||
| 100 |
_aAguila Llanos, Juan Carlos del _eAUT |
||
| 245 | 0 |
_aPatria potestad, tenencia y régimen de visitas : _bdoctrina y jurisprudencia |
|
| 260 | _c2019 | ||
| 300 |
_a406 páginas : _c23 cm. |
||
| 650 | _aDER | ||
| 654 | _aCDE | ||
| 942 |
_cLIB _dJUS _fJUS _2ddc _n |
||
| 999 |
_c25131 _d25131 |
||